• 首页
  • 本馆介绍
  • 公告通知
  • 最新文献
  • 馆藏检索
  • 电子资源
  • 读者导购
  • 参考咨询
  • 我的图书馆
  • 登录
  • 详细信息显示
  • 放入我的书架
  • 预约/预借图书
  • 作者相关作品
  • 分类相关作品
  • 丛书相关作品
  • 出版社相关作品

书目信息

  • 表格格式
  • 工作单格式
  • 卡片格式
题名:
日中文化交流史
    
 
作者: 木宫泰彦 著 ;胡锡年 译
分册:  
出版信息: 北京   商务印书馆  1980
页数: 808页
开本: 21cm
丛书名:
单 册:
中图分类: K203 , K313.03 , G131.35
科图分类:
主题词: 文化交流-文化史--日本、中国 , 文化史-文化交流--日本、中国 , 文化事业--概况--世界 , 文化事业--基本建设
电子资源:
ISBN:
000 00834nam0 2200289 450
001 1561597961
005 20150125170841.82
010    @b精装@dCNY3.70
091    @a11017.438
100    @a19950619d1980 em y0chiy0110 ea
101 1  @achi@cjpn
102    @aCN@b110000
105    @af z 000yy
200 1  @a日中文化交流史@9ri zhong wen hua jiao liu shi@f(日)木宫泰彦著@g胡锡年译
210    @a北京@c商务印书馆@d1980
215    @a808页@c照片@d21cm
606 0  @a文化交流-文化史@y日本、中国
606 0  @a文化史-文化交流@y日本、中国
606 0  @a文化事业@x概况@x世界
606 0  @a文化事业@x基本建设
690    @aK203@v5
690    @aK313.03@v5
690    @aG131.35@v4
701  0 @a木宫泰彦@9mu gong tai yan@4著
702  0 @a胡锡年@9hu xi nian@f(1913~)@4译
801  0 @aCN@bTSSF@c20150125
905    @aZUCC@dG131.35@eJY28
    
    日中文化交流史/(日)木宫泰彦著/胡锡年译.-北京:商务印书馆,1980
    808页:照片;21cm
    
    
    ISBN (精装):CNY3.70
    
●
相关链接 在E读中查询图书 在五车中查询图书 在当当中查询图书 在豆瓣中查询图书


正题名:日中文化交流史     索取号:G131.35/JY28         预约/预借

序号 登录号 条形码 馆藏地/架位号 状态 备注
1 7854691   278546913   学院路分馆/ [索取号:G131.35/JY28] 在馆    
2 7854692   278546922   学院路分馆/ [索取号:G131.35/JY28] 在馆    
唐山师范学院图书馆 欢迎您!
大连网信软件有限公司© 版权所有